| 000 | 00710nam a2200205 a 4500 | ||
|---|---|---|---|
| 999 |
_c5692 _d5692 |
||
| 005 | 20191224041813.0 | ||
| 008 | 161015sxx ck a||||r|||| 00| 0 spa d | ||
| 040 |
_aCO-BoIAVH _cCO-BoIAVH |
||
| 041 | 0 | _aspa | |
| 044 | _ack | ||
| 090 |
_aFG- _b0073 |
||
| 110 | 2 |
_aColombia. _bCorporación Autónoma Regional de Nariño Corponariño |
|
| 245 | 1 | 0 |
_aLa Shagra : _buna alternativa para la seguridad alimentaria |
| 260 |
_aIpiales : _bCorponariño, _c[1997?]. |
||
| 300 |
_a33 páginas : _bfolleto con ilustraciones a color ; _c16 x 23 cm. |
||
| 650 | 2 | 6 |
_aAgricultura sostenible _xParcelas |
| 650 | 2 | 6 | _aSeguridad alimentaria |
| 650 | 2 | 6 | _aProductos agrícolas |
| 942 |
_cFolleto _2z |
||